书目信息 |
| 题名: |
数学教育学概论
|
|
| 作者: | 周学海 著 | |
| 分册: | ||
| 出版信息: | 长春 东北师范大学出版社 1996.5 |
|
| 页数: | 487页 | |
| 开本: | 32开 | |
| 丛书名: | ||
| 单 册: | ||
| 中图分类: | O1-42 | |
| 科图分类: | ||
| 主题词: | 数学-教育学-理论 | |
| 电子资源: | ||
| ISBN: | 7-5602-1862-8 | |
| 000 | 00497nam0 2200193 45 | |
| 001 | 0005121045 | |
| 005 | 20031219104045.2 | |
| 010 | @a7-5602-1862-8@dCNY18.00 | |
| 100 | @a20000512d1996 km y0chiy0120 ea | |
| 101 | @achi | |
| 105 | @a z 000yy | |
| 200 | 1 | @a数学教育学概论@f周学海著 |
| 210 | @a长春@c东北师范大学出版社@d1996.5 | |
| 215 | @a487页@d32开 | |
| 606 | 0 | @a数学-教育学-理论 |
| 690 | @aO1-42@v1 | |
| 701 | @a周学海@4著 | |
| 801 | @aCN@bTSTC@c20000512 | |
| 905 | @f1@b288419@dO1-42@e187 | |
| 数学教育学概论/周学海著.-长春:东北师范大学出版社,1996.5 |
| 487页;32开 |
| ISBN 7-5602-1862-8:CNY18.00 |
| ● |
| 相关链接 |
|
|
|
|
正题名:数学教育学概论
索取号:O1-42/187
 
预约/预借
| 序号 | 登录号 | 条形码 | 馆藏地/架位号 | 状态 | 备注 |
| 1 | 0288419 | 002884196 | 第二样本阅览室/ [索取号:O1-42/187] | 在馆 |